[Event "National Open"]
[Site "Las Vegas USA"]
[Date "2005.06.10"]
[Round "1"]
[White "Stubenrauch,S"]
[Black "De Firmian,N"]
[Result "0-1"]
[WhiteElo "2121"]
[BlackElo "2549"]

1.Nc3 c5 2.e4 Nc6 3.Nf3 e5 4.Bc4 d6 5.d3 Be7 6.Bd2 Nf6 7.h3 O-O 8.a3 h6 9.g4 Nh7
10.Nd5 Be6 11.Qe2 a6 12.Ba2 b5 13.Qf1 Rc8 14.Qg2 c4 15.Nxe7+ Qxe7 16.O-O d5
17.Rfe1 dxe4 18.dxe4 Rfd8 19.c3 Ng5 20.Rad1 Nxf3+ 21.Qxf3 Rd3 22.Be3 Rcd8
23.Bb1 R3d7 24.Bc2 Rxd1 25.Rxd1 Nb8 26.Rxd8+ Qxd8 27.Qd1 Qc7 28.Qd2 Nd7 29.f4 exf4
30.Bxf4 Qc8 31.Qd4 Nf8 32.Kh2 Bd7 33.Qd6 Ne6 34.Be3 Bc6 35.e5 Qa8 36.Bf5 Bh1
37.Qd2 Nf8 38.Qf2 Bb7 39.g5 Qe8 40.gxh6 g6 41.Qg3 Qc6 42.Qg1 Kh7 43.Bg4 Qe4
44.Bd4 Bd5 45.Qf2 Kg8 46.Kg3 g5 47.Bf5 Qh4+ 48.Kh2 Qxh6 49.Qg3 Be6 50.Be4 g4
51.h4 Qh5 52.Be3 Bf5 53.Bd5 Be6 54.Be4 Nd7 55.Bg5 Qh8 56.Bf4 Qg7 57.Kg2 Nc5
58.Qe3 Qf8 59.Kg3 Nxe4+ 60.Qxe4 Qd8 61.Qd4 Qa8 62.Kh2 Qf3 63.Bg3 Qf1 64.Qf2 Qb1
65.Qd2 Kh7 66.Bf2 Qf1  0-1

[Event "National Open"]
[Site "Las Vegas USA"]
[Date "2005.06.10"]
[Round "2"]
[White "Faulks,N"]
[Black "Vigorito,D"]
[Result "0-1"]
[WhiteElo "2064"]
[BlackElo "2360"]

1.e4 c5 2.Nc3 Nc6 3.Nf3 d6 4.d4 cxd4 5.Nxd4 Nf6 6.Bc4 e6 7.Be3 a6 8.a4 Be7
9.O-O O-O 10.Kh1 Bd7 11.Ba2 Nb4 12.Bb3 e5 13.Nde2 Bc6 14.Nd5 Nbxd5 15.exd5 Bd7
16.a5 Qe8 17.c4 Rc8 18.Nc3 Ng4 19.Bb6 f5 20.f3 Nf6 21.Qd3 Qh5 22.Bg1 f4 23.Rac1 Bd8
24.Ra1 Kh8 25.Bd1 Bf5 26.Qe2 Qg6 27.Qd2 Rxc4 28.Na4 Rc8 29.Nb6 Bxb6 30.Bxb6 Bd3  0-1

[Event "TCh-BIH Prem"]
[Site "Neum BIH"]
[Date "2005.06.10"]
[Round "7"]
[White "Zivkovic,Vj"]
[Black "Dujkovic,S"]
[Result "1-0"]
[WhiteElo "2412"]
[BlackElo "2387"]

1.e4 c5 2.Nf3 Nc6 3.Nc3 e5 4.Bc4 Be7 5.d3 d6 6.Nd2 Nf6 7.Nf1 Bg4 8.f3 Be6
9.Ne3 O-O 10.O-O Rb8 11.a3 Nd7 12.Ned5 Nb6 13.Nxb6 axb6 14.Nd5 Bxd5 15.Bxd5 Bg5
16.f4 Bxf4 17.Bxf4 exf4 18.Rxf4 Qg5 19.Qd2 Kh8 20.Raf1 f6 21.R4f2 Qe5 22.c3 Ne7
23.d4 Qh5 24.Ba2 Rbd8 25.Rf3 d5 26.exd5 f5 27.Qf2 cxd4 28.Qxd4 Qh6 29.Re3 Nc8
30.Re6 Qg5 31.Qf4 Qxf4 32.Rxf4 Nd6 33.Rb4 b5 34.Bb1 f4 35.Kf2 g5 36.Re7  1-0

[Event "Open"]
[Site "Mielo POL"]
[Date "2005.06.11"]
[Round "2"]
[White "Motyka,M"]
[Black "Tokarski,B"]
[Result "1-0"]
[WhiteElo "2229"]
[BlackElo "1969"]

1.e4 c5 2.Nc3 Nc6 3.Bb5 Nd4 4.Bc4 g6 5.Nf3 Bg7 6.Nxd4 cxd4 7.Qf3 e6 8.Nb5 d6
9.Qa3 Bf8 10.Nxd4 Bd7 11.Qg3 Qc7 12.d3 a6 13.O-O Bg7 14.Be3 Ne7 15.Bb3 O-O
16.c3 Rfc8 17.f4 b5 18.a3 Rab8 19.Qh4 Nc6 20.Nf3 Nd8 21.f5 exf5 22.exf5 Bxf5
23.Ng5 h6 24.Nxf7 Nxf7 25.g4 Re8 26.gxf5 Rxe3 27.fxg6 Rxd3 28.gxf7+ Kh8 29.Qe4 Rd2
30.Bc2 Qc5+ 31.Kh1 Qd5 32.Qxd5 Rxd5 33.Rad1 Rxd1 34.Rxd1 Be5 35.Bb3 Kh7 36.Rg1 Bg7
37.Re1 Be5 38.Rg1 Bg7 39.Bc2+ Kh8 40.Rg6 Rb6 41.Re6 Bf8 42.Rg6 Bg7 43.Kg2 a5
44.Bb3 Kh7 45.Re6 Bf8 46.Kf3 b4 47.cxb4 axb4 48.a4 Rb7 49.Re1 Ra7 50.Rg1 Bg7
51.Ke4 d5+ 52.Kxd5 Rxf7 53.Rg2 Rc7 54.Rc2 Rb7 55.Kc6 Rb8 56.Rd2 Be5 57.a5 Ra8
58.Kb6 Rb8+ 59.Kc5 Kg6 60.a6 Bf4 61.Re2 Bc7 62.Re6+ Kg5 63.Kc6 Bb6 64.Re5+ Kh4
65.Rb5  1-0

[Event "Open"]
[Site "Mielo POL"]
[Date "2005.06.11"]
[Round "2"]
[White "Pinkas,K"]
[Black "Tokarski,L"]
[Result "1-0"]
[WhiteElo "2325"]
[BlackElo "2067"]

1.e4 c5 2.Nc3 Nc6 3.Nf3 Nf6 4.Bb5 a6 5.Bxc6 dxc6 6.d3 g6 7.Be3 b6 8.h3 Bg7
9.Qd2 O-O 10.Bh6 Re8 11.Bxg7 Kxg7 12.O-O-O e5 13.Nh2 b5 14.f4 exf4 15.Qxf4 Be6
16.Ng4 Qe7 17.e5 Ng8 18.Ne4 Ra7 19.Nef6 Rd8 20.Nxg8 Rxg8 21.Qh6+ Kh8 22.Nf6 Rg7
23.Rde1 b4 24.Rhf1 a5 25.Re4 g5 26.Rg4 Ra8 27.Rxg5  1-0

[Event "La Palma Rapid Open"]
[Site "Brena Baja ESP"]
[Date "2005.06.12"]
[Round "3"]
[White "Fernandez Garcia,Jo"]
[Black "Felgaer,R"]
[Result "1/2-1/2"]
[WhiteElo "2468"]
[BlackElo "2593"]

1.e4 c5 2.Nf3 Nc6 3.Nc3 g6 4.d4 cxd4 5.Nxd4 Bg7 6.Nb3 d6 7.Be2 Nf6 8.O-O O-O
9.Be3 Be6 10.f4 Rc8 11.Kh1 Na5 12.e5 Ne8 13.Bxa7 Nc4 14.Bxc4 Bxc4 15.Re1 b6
16.Qd4 Rc6 17.a4 Qc7 18.Nd2 dxe5 19.fxe5 Ba6 20.Nb5 Bxb5 21.axb5 Rc5 22.Nf3 Rxb5
23.b4 Qxc2 24.Bxb6 Nd6 25.Bc5 Nf5 26.Qd7 Rbb8 27.Bxe7 Nxe7 28.Qxe7 Rfe8 29.Qh4 Qc3
30.Rab1 Bxe5 31.Qe4 f6 32.Qd5+ Kh8 33.Nxe5 fxe5 34.Qe4 Rb5 35.Re3  1/2-1/2

[Event "Open"]
[Site "Voronezh RUS"]
[Date "2005.06.13"]
[Round "2"]
[White "Jakovenko,I"]
[Black "Chuprov,D"]
[Result "0-1"]
[WhiteElo "2031"]
[BlackElo "2454"]

1.e4 c5 2.Nf3 Nc6 3.Nc3 g6 4.d4 cxd4 5.Nxd4 Bg7 6.Be3 Nf6 7.Bc4 O-O 8.Bb3 d6
9.f3 Bd7 10.Qd2 Qa5 11.O-O-O Rfc8 12.h4 Ne5 13.Kb1 Nc4 14.Bxc4 Rxc4 15.Nb3 Qc7
16.g4 Rc8 17.Rh2 Be6 18.Bd4 a5 19.Qe3 a4 20.Bb6 Rxc3 21.bxc3 Qc4 22.Rd4 Qa6
23.Rb4 axb3 24.cxb3 Bxg4 25.c4 Bd7 26.Bd4 Bc6 27.Rb6 Qa3 28.Bb2 Qc5 29.Bd4 Qh5
30.Rh1 Ra8 31.a4  0-1

[Event "FSGM June"]
[Site "Budapest HUN"]
[Date "2005.06.14"]
[Round "11"]
[White "Boros,De"]
[Black "Paschall,W"]
[Result "1/2-1/2"]
[WhiteElo "2402"]
[BlackElo "2400"]

1.e4 c5 2.Nf3 Nc6 3.Nc3 g6 4.d4 cxd4 5.Nxd4 Bg7 6.Be3 Nf6 7.Bc4 Qa5 8.O-O O-O
9.h3 Qb4 10.Bb3 Nxe4 11.Nd5 Qa5 12.Nxc6 dxc6 13.Nxe7+ Kh8 14.Qf3 Qe5 15.Nxc8 Raxc8
16.c3 f5 17.Rad1 Qe7 18.Bc2 b6 19.Bxe4 fxe4 20.Qg4 Rf5 21.Rd2 Qe6 22.a3 h5
23.Qe2 Rd5 24.Re1 Rcd8 25.Qc4 Re8 26.Qa4 Ra5 27.Qc2 Rd5 28.Bf4 Qf5 29.Be3 Rd3
30.Qa4 Qd7 31.Rde2 Rd5 32.Bf4 b5 33.Qc2 g5 34.Bc1 Rde5 35.Qd1 Rd5 36.Qc2 Rde5
37.Re3 h4 38.Qe2 Bf6 39.Rd1 Qe6 40.Qh5+ Kg7 41.Ree1 Rh8 42.Qe2 a6 43.Be3 Rd5
44.Bd4 Rhd8 45.Qh5 Rh8 46.Rxe4 Qxe4 47.Bxf6+ Kxf6 48.Qxh8+ Kf7 49.Rxd5 Qxd5
50.Qh7+ Kf6 51.Qh6+ Kf7 52.Qh5+ Ke6 53.Qe8+ Kf6 54.Qe2 a5 55.Qg4 Qd2 56.Qf3+ Kg7
57.Qe3 Qxb2 58.Qxg5+ Kf7 59.Qf4+ Ke6 60.Qe3+ Kd6 61.Qd4+ Kc7 62.Qg7+ Kd6
63.Qd4+ Kc7 64.Qe5+ Kb6 65.Qb8+ Ka6 66.Qc8+ Kb6 67.Qd8+ Kb7 68.Qd7+ Kb6 69.Qd4+ Kb7
70.f4 Qxa3 71.f5 b4 72.Qd7+ Kb6 73.Qd4+ Kb7 74.Qd7+ Kb6  1/2-1/2

[Event "Marx Gyorgy Open"]
[Site "Paks HUN"]
[Date "2005.06.14"]
[Round "1"]
[White "Palencsar,J"]
[Black "Videki,S"]
[Result "0-1"]
[WhiteElo "1955"]
[BlackElo "2405"]

1.e4 c5 2.Nf3 Nc6 3.Nc3 d6 4.Be2 g6 5.d4 cxd4 6.Nxd4 Bg7 7.Be3 Nf6 8.Qd2 O-O
9.Nf3 Ng4 10.Rd1 Nxe3 11.Qxe3 Qa5 12.O-O Bxc3 13.Qxc3 Qxc3 14.bxc3 Bg4 15.h3 Bxf3
16.gxf3 Rac8 17.Rd5 Nd8 18.e5 dxe5 19.Rfd1 Ne6 20.Rd7 Rxc3 21.Rxb7 Rxc2 22.Bf1 a5
23.Rxe7 Rb8 24.h4 h5 25.Rdd7 Rc1 26.Rb7 Rxb7 27.Rxb7 Nd4 28.Kg2 Nxf3 29.Bb5 Nxh4+
30.Kg3 Nf5+ 31.Kg2 g5 32.Be2 Nh4+ 33.Kh2 Rc2 34.Bd1 Rxa2 35.Bb3 Rxf2+  0-1

[Event "St Petersburg vs Moscow"]
[Site "St Petersburg RUS"]
[Date "2005.06.14"]
[Round "1"]
[White "Vasilkova,S"]
[Black "Molchanova,T"]
[Result "1/2-1/2"]
[WhiteElo "2293"]
[BlackElo "2315"]

1.e4 c5 2.Nf3 Nc6 3.Nc3 g6 4.d4 cxd4 5.Nxd4 Bg7 6.Be3 Nf6 7.Bc4 O-O 8.Bb3 a5
9.a4 Nb4 10.O-O d5 11.Ndb5 Be6 12.Qe2 dxe4 13.Bxe6 fxe6 14.Bd4 Nbd5 15.Rad1 Qc8
16.Nxe4 Nf4 17.Nxf6+ exf6 18.Qf3 e5 19.Bc3 Qc6 20.Rfe1 Rfd8 21.Qxc6 bxc6
22.Rxd8+ Rxd8 23.Na3 Bf8 24.Nc4 Bb4 25.Bxb4 axb4 26.a5 Ne2+ 27.Kf1 Nd4 28.Rd1 Ra8
29.c3  1/2-1/2

[Event "St Petersburg vs Moscow"]
[Site "St Petersburg RUS"]
[Date "2005.06.14"]
[Round "1"]
[White "Deviatkin,A"]
[Black "Smirnov,Ar"]
[Result "0-1"]
[WhiteElo "2510"]
[BlackElo "2413"]

1.e4 c5 2.Ne2 Nc6 3.Nbc3 Nf6 4.d4 cxd4 5.Nxd4 d6 6.g3 g6 7.Nde2 Bg7 8.Bg2 O-O
9.O-O a6 10.h3 e6 11.g4 Qc7 12.g5 Nh5 13.f4 b5 14.f5 Be5 15.Be3 Na5 16.Bf2 Bb7
17.Qd3 b4 18.Nd1 Bc6 19.Re1 Bb5 20.Qd2 Bxe2 21.Qxe2 Nf4 22.Qe3 Nc4 23.Qb3 exf5
24.exf5 Nd2 25.Qe3 Nxg2 26.Qxd2 Nxe1 27.Bxe1 Rac8 28.c3 Qd7 29.Qd3 bxc3 30.Nxc3 Qxf5
31.Qxf5 gxf5 32.Rd1 f6 33.Nd5 Kf7 34.Nxf6 Bxf6 35.gxf6 Rcd8 36.Bc3 d5 37.Kf2 Rfe8
38.Kf3 Re4 39.Bd4 Rd7 40.b4 Rb7 41.a3 Ke6 42.Rd3 h5 43.Rd2 h4 44.Rd3 Rb8
45.Kf2 Rg8 46.Bc5 d4 47.a4 Rg3 48.Rxd4 Rxd4 49.Bxd4 Rxh3 50.b5 axb5 51.axb5 Rb3
52.b6 Rb4 53.Bc5 Rb2+ 54.Kg1 Rb1+ 55.Kg2 Kxf6 56.Kh3 Kg5 57.Be3+ f4 58.Bd4 Rb3+
59.Kg2 Kg4 60.Kh2 h3  0-1

[Event "III Open"]
[Site "Bajada de la Virgen ESP"]
[Date "2005.06.15"]
[Round "4"]
[White "Miton,K"]
[Black "Kolev,At"]
[Result "1/2-1/2"]
[WhiteElo "2592"]
[BlackElo "2524"]

1.e4 c5 2.Nf3 Nc6 3.Nc3 Nf6 4.Bb5 Qc7 5.O-O Nd4 6.Nxd4 cxd4 7.Nd5 Nxd5 8.exd5 Qc5
9.c4 a6 10.b4 Qxb4 11.Ba4 b5 12.cxb5 g6  1/2-1/2

[Event "Open"]
[Site "Mielo POL"]
[Date "2005.06.15"]
[Round "6"]
[White "Gumula,D"]
[Black "Szymczak,Z"]
[Result "0-1"]
[WhiteElo "2291"]
[BlackElo "2315"]

1.e4 c5 2.Nc3 Nc6 3.Bb5 d6 4.f4 g6 5.Nf3 Bg7 6.O-O Bd7 7.d3 Rc8 8.Bxc6 Bxc6
9.Qe1 b5 10.f5 b4 11.Ne2 Qb6 12.Nf4 Nf6 13.Qg3 c4+ 14.Kh1 cxd3 15.cxd3 O-O
16.Ng5 gxf5 17.Be3 Qb5 18.exf5 h6 19.Nge6 fxe6 20.Nxe6 Rf7 21.Bxh6 Ne8 22.Bxg7 Nxg7
23.Qg6 Qd5 24.Rf2 Qxe6 25.fxe6 Rxf2 26.Rg1 Rcf8 27.h3 Rxb2  0-1

[Event "St Petersburg vs Moscow"]
[Site "St Petersburg RUS"]
[Date "2005.06.15"]
[Round "2"]
[White "Bodnaruk,A"]
[Black "Charochkina,D"]
[Result "0-1"]
[WhiteElo "2198"]
[BlackElo "2183"]

1.e4 c5 2.Nc3 Nc6 3.Nge2 Nf6 4.g3 d5 5.exd5 Nxd5 6.Bg2 Nc7 7.O-O g6 8.d3 Bg7
9.Ne4 Ne6 10.Nf4 Ncd4 11.c3 Nxf4 12.Bxf4 Ne6 13.Be3 Qc7 14.g4 h5 15.g5 Be5
16.h4 O-O 17.Qd2 Nf4 18.Bxf4 Bxf4 19.Qe2 Bh2+ 20.Kh1 Qf4 21.Rfd1 Qxh4 22.f3 Bf4+
23.Kg1 Qh2+ 24.Kf2 Qh4+ 25.Kf1 Bxg5 26.Nxc5 Bf4 27.Ne4 e5 28.d4 Qh2 29.Kf2 Bh3
30.Rg1 f5 31.Nc5 e4 32.Ne6 Qg3+ 33.Kf1 exf3 34.Qf2 fxg2+ 35.Ke1 Bd2+  0-1

[Event "III Open"]
[Site "Bajada de la Virgen ESP"]
[Date "2005.06.16"]
[Round "5"]
[White "Mogranzini,R"]
[Black "Bozinovic,Bob"]
[Result "1-0"]
[WhiteElo "2363"]
[BlackElo "2143"]

1.e4 c5 2.Nc3 Nc6 3.Bb5 e6 4.Bxc6 dxc6 5.d3 Nf6 6.f4 Be7 7.Nf3 O-O 8.O-O Qc7
9.Kh1 Rd8 10.Qe1 b6 11.b3 Re8 12.Ne2 Bd7 13.Bb2 Rad8 14.Ne5 Bc8 15.Ng3 Bf8
16.Qe2 Ba6 17.a4 Bb7 18.Nh5 Nxh5 19.Qxh5 h6 20.Ng4  1-0

[Event "III Open"]
[Site "Bajada de la Virgen ESP"]
[Date "2005.06.16"]
[Round "5"]
[White "Tissir,M"]
[Black "Avrukh,B"]
[Result "0-1"]
[WhiteElo "2442"]
[BlackElo "2642"]

1.e4 c5 2.Nc3 Nc6 3.Bb5 Nd4 4.Bc4 e6 5.Nf3 Nf6 6.O-O a6 7.d3 Qc7 8.Nxd4 cxd4
9.Ne2 Bd6 10.h3 Nxe4 11.Nxd4 Nf6 12.Nf3 b6 13.Bb3 Bb7 14.d4 O-O 15.Re1 Ne4
16.c3 f5 17.Ne5 b5 18.f3 Nf6 19.Qd3 Bd5 20.Bxd5 Nxd5 21.Bd2 Rfc8 22.Rac1 Rab8
23.g4 Rf8 24.g5 Bxe5 25.Rxe5 Ne7 26.Qf1 Ng6 27.Re2 f4 28.Qf2 Rf5 29.h4 Qc4
30.b3 Qd3 31.Rce1 Rc8 32.Kh1 Ne7 33.Re5 Rxe5 34.Rxe5 Nd5 35.Qe2 Qb1+ 36.Kh2 Nxc3
37.Qe1 Qxe1 38.Rxe1 Nxa2 39.Bxf4 Nb4 40.Kg3 Rc3 41.Rb1 Nc6 42.d5 exd5 43.Re1 Kf7
44.Kg4 Rxb3 45.Bd6 d4 46.f4 Re3  0-1

[Event "III Open"]
[Site "Bajada de la Virgen ESP"]
[Date "2005.06.16"]
[Round "6"]
[White "Felgaer,R"]
[Black "Spasov,V"]
[Result "0-1"]
[WhiteElo "2593"]
[BlackElo "2543"]

1.e4 c5 2.Nc3 Nc6 3.Nge2 Nf6 4.g3 g6 5.d4 cxd4 6.Nxd4 Bg7 7.Nde2 d6 8.Bg2 Bd7
9.h3 Qc8 10.b3 O-O 11.Bb2 a5 12.a4 Nb4 13.Qd2 Qb8 14.Nd4 Rd8 15.g4 e5 16.Nde2 d5
17.exd5 Qd6 18.O-O Nfxd5  0-1

[Event "III Open"]
[Site "Bajada de la Virgen ESP"]
[Date "2005.06.17"]
[Round "7"]
[White "Tissir,M"]
[Black "Villavicencio,A"]
[Result "1-0"]
[WhiteElo "2442"]
[BlackElo "2333"]

1.e4 c5 2.Nc3 Nc6 3.Bb5 Nd4 4.Bc4 g6 5.Nf3 Bg7 6.O-O a6 7.Nxd4 cxd4 8.Qf3 Nf6
9.e5 dxc3 10.exf6 Bxf6 11.dxc3 O-O 12.Bh6 Bg7 13.Bg5 Qc7 14.Bb3 e6 15.Rad1 d5
16.Bf6 b5 17.Rd4 Bd7 18.Re1 Rae8 19.Bxg7 Kxg7 20.Qe3 f6 21.a4 Bc6 22.axb5 axb5
23.Rdd1 Bb7 24.Ra1 Qc6 25.f3 Re7 26.h3 Rc8 27.Qd3 Kf7 28.Kh1 Qb6 29.Qd2 Kg7
30.Rad1 Rcc7 31.Re2 Rcd7 32.Qe1 Kf7 33.Qh4 Kg7 34.Ree1 Rd6 35.Ra1 Bc8 36.Rad1 Bb7
37.Qb4 h5 38.Qf4 g5 39.Qb4  1-0

[Event "III Open"]
[Site "Bajada de la Virgen ESP"]
[Date "2005.06.17"]
[Round "7"]
[White "Djingarova,E"]
[Black "Bojovic,D"]
[Result "1/2-1/2"]
[WhiteElo "2290"]
[BlackElo "2154"]

1.e4 c5 2.Nc3 Nc6 3.Bb5 e6 4.Nf3 Nge7 5.d4 cxd4 6.Nxd4 Nxd4 7.Qxd4 a6 8.Be2 Nc6
9.Qe3 Qc7 10.O-O b5 11.Kh1 Bb7 12.f4 h5 13.Bf3 O-O-O 14.Qf2 Be7 15.Be3 Rdg8
16.a4 b4  1/2-1/2

[Event "IV Summer"]
[Site "Alushta UKR"]
[Date "2005.06.18"]
[Round "2"]
[White "Kulicov,O"]
[Black "Kartsev,Se"]
[Result "1-0"]
[WhiteElo "2402"]
[BlackElo "1994"]

1.e4 c5 2.Nc3 Nc6 3.Bb5 g6 4.Bxc6 dxc6 5.d3 Bg7 6.f4 Nf6 7.Nf3 O-O 8.O-O Bg4
9.Be3 b6 10.h3 Bxf3 11.Qxf3 Qd7 12.Rae1 Ne8 13.Kh1 Nc7 14.f5 Nb5 15.Nd1 Rad8
16.Bg5 Nd4 17.Qf2 f6 18.Be3 e5 19.g4 Qf7 20.b3 Qb7 21.Qd2 Qa6 22.c3 Nb5 23.Nf2 Rf7
24.h4 Nd6 25.Qe2 Rdd7 26.c4 Qc8 27.Rg1 Qf8 28.Qd2 Kh8 29.Rg3 a5 30.Rb1 Qa8
31.Qc2 Nb7 32.Rgg1 Bf8 33.Kg2 b5 34.Kf3 Qd8 35.Ke2 Bg7 36.Rgc1 Bf8 37.Rh1 gxf5
38.exf5 Rd4 39.Bxd4 exd4 40.Ne4 Nd6 41.Rbe1 Nxe4 42.dxe4 Bh6 43.Qd3 Qe8 44.Kf3 Qb8
45.e5 Re7 46.g5 fxg5 47.hxg5 Bg7 48.f6  1-0

[Event "III Summer"]
[Site "Alushta UKR"]
[Date "2005.06.18"]
[Round "2"]
[White "Tukhaev,A"]
[Black "Zinchenko,Ya"]
[Result "1/2-1/2"]
[WhiteElo "2419"]
[BlackElo "2460"]

1.e4 c5 2.Nf3 Nc6 3.Nc3 e5 4.Bc4 Be7 5.d3 Nf6 6.Ng5 O-O 7.f4 d6 8.O-O Bg4
9.Qe1 exf4 10.Bxf4 Nd4 11.Qd2 h6 12.Nf3 Nxf3+ 13.gxf3 Be6 14.Rae1 Nh5 15.Bg3 Bh4
16.Bxh4 Qxh4 17.f4 Bxc4 18.dxc4 f5 19.Nd5 fxe4 20.Rxe4 Qg4+ 21.Qg2 Qxg2+
22.Kxg2 Rae8 23.Rfe1 Rxe4 24.Rxe4 Nf6 25.Re6 Nxd5 26.cxd5 Rf6 27.Rxf6  1/2-1/2

[Event "Open"]
[Site "Mielo POL"]
[Date "2005.06.18"]
[Round "9"]
[White "Brzeski,M"]
[Black "Gryniakow,J"]
[Result "0-1"]
[WhiteElo "2249"]
[BlackElo "2264"]

1.e4 c5 2.Nc3 Nc6 3.Bb5 g6 4.Bxc6 bxc6 5.d3 Bg7 6.f4 d6 7.Nf3 Nf6 8.O-O Rb8
9.Qe1 O-O 10.Qh4 Nd7 11.f5 e6 12.Qg3 Ne5 13.Nxe5 Bxe5 14.Bf4 Bd4+ 15.Kh1 Rxb2
16.Ne2 Bf6 17.Bxd6 Rxc2 18.e5 Bh4 19.Qe3 exf5 20.Bxf8 Kxf8 21.Rab1 Bg5 22.Nf4 Bxf4
23.Qxf4 Kg7 24.Rf2 Qxd3 25.Rxc2 Qxc2 26.Rc1 Qxa2 27.Rxc5 Be6 28.Rc1 Bd5 29.Rg1 Qe2
30.Qd4 Kg8 31.Qc3 a5 32.Qxa5 Qxe5 33.Qd2 Kg7 34.Re1 Qf6 35.Qb4 h5 36.Re8 Qa1+
37.Re1 Qa2 38.Rg1 Qf2 39.Qc3+ Kh7 40.Qg3 Qd2 41.h4 f4 42.Qg5 Qf2 43.Kh2 f3
44.Kh3 Qxg1 45.g4 Qg2+  0-1

[Event "Open"]
[Site "Mielo POL"]
[Date "2005.06.19"]
[Round "10"]
[White "Gumula,D"]
[Black "Gryniakow,J"]
[Result "1/2-1/2"]
[WhiteElo "2291"]
[BlackElo "2264"]

1.e4 c5 2.Nf3 Nc6 3.Nc3 e5 4.Bc4 d6 5.d3 Be7 6.Nd2 Bg5 7.h4 Bxd2+ 8.Bxd2 Nf6
9.O-O O-O 10.f4 exf4 11.Bxf4 h6 12.Qe1 Nd4 13.Qd2 Ng4 14.Bg3 Be6 15.Bxe6 fxe6
16.Rxf8+ Qxf8 17.Ne2 e5 18.c3 Nxe2+ 19.Qxe2 Nf6 20.d4 cxd4 21.cxd4 exd4 22.Rd1 Re8
23.Rxd4 d5 24.e5 Ne4 25.Qe3 Nxg3 26.Qxg3 Qf7 27.Rd2  1/2-1/2

[Event "Zepter"]
[Site "Valjevo SCG"]
[Date "2005.06.19"]
[Round "10"]
[White "Kostic,Vl"]
[Black "Maksimovic,B"]
[Result "1-0"]
[WhiteElo "2439"]
[BlackElo "2385"]

1.e4 c5 2.Nf3 Nc6 3.Nc3 g6 4.Bb5 Bg7 5.O-O e6 6.Bxc6 bxc6 7.e5 d5 8.exd6 Qxd6
9.d3 Nf6 10.Bg5 O-O 11.Bxf6 Bxf6 12.Ne4 Qe7 13.Nxf6+ Qxf6 14.b3 Qc3 15.Re1 f6
16.Qd2 Qxd2 17.Nxd2 f5 18.Re5  1-0

[Event "III Summer"]
[Site "Alushta UKR"]
[Date "2005.06.20"]
[Round "4"]
[White "Belikov,V"]
[Black "Zinchenko,Ya"]
[Result "1/2-1/2"]
[WhiteElo "2517"]
[BlackElo "2460"]

1.e4 c5 2.Nf3 Nc6 3.Nc3 d6 4.d4 cxd4 5.Nxd4 Nf6 6.Bg5 e6 7.Qd2 a6 8.O-O-O h6
9.Nxc6 bxc6 10.Bf4 d5 11.Qe3 Bb4 12.Be2 O-O 13.e5 Nd7 14.a3 Ba5 15.Qg3  1/2-1/2

[Event "White Nights"]
[Site "St Petersburg RUS"]
[Date "2005.06.21"]
[Round "4"]
[White "Sivokho,S"]
[Black "Nikolaev,Niki"]
[Result "1/2-1/2"]
[WhiteElo "2475"]
[BlackElo "2356"]

1.e4 c5 2.Nf3 Nc6 3.Nc3 Nf6 4.Bb5 g6 5.e5 Ng4 6.Bxc6 dxc6 7.O-O Bg7 8.Re1 O-O
9.d3 Nh6 10.h3 Nf5 11.Ne4 b6 12.Bf4 Nd4 13.b3 Be6 14.Neg5 Bd5 15.Nxd4 cxd4
16.Qg4 h6 17.Ne4 Qc8 18.Qg3 g5 19.Bd2 f5 20.exf6 exf6 21.f4 Qc7 22.Re2 Rf7
23.Qf2 Re7 24.Rae1 Rae8 25.Ng3 Rxe2 26.Rxe2 Rxe2 27.Qxe2 gxf4 28.Nf5 f3 29.Qe7 Qxe7
30.Nxe7+ Kf7 31.Nxd5 cxd5 32.g4 f5 33.Kf2 fxg4 34.hxg4 Kg6 35.Kxf3 h5 36.gxh5+ Kxh5
37.Bf4 Kg6 38.Kg4 a6 39.Bc7 b5 40.Kf4 Bf6 41.Bd6 Bg7 42.Be5 Bh6+ 43.Kf3 Be3
44.Kg4 Bf2 45.Bh8 Kh7 46.Bf6 Kg6 47.Be5 Be3 48.a4 Bg1 49.Bh8 Kh7 50.Bf6 Kg6
51.Be5 Be3 52.Kf3 Kf5 53.Bh8 Bg1 54.Bg7 Kg6 55.Bh8 Kf5 56.Bg7 Kg6 57.Be5 Kf5
58.Bh8 Be3 59.c3 Bg1 60.axb5 axb5 61.cxd4 Bh2 62.Be5 Bxe5 63.dxe5 Kxe5 64.Ke3 b4
65.d4+ Kf5  1/2-1/2

[Event "6th EICC"]
[Site "Warsaw POL"]
[Date "2005.06.21"]
[Round "4"]
[White "Galego,L"]
[Black "Murtez,H"]
[Result "1-0"]
[WhiteElo "2493"]
[BlackElo "2354"]

1.e4 c5 2.Nf3 Nc6 3.Nc3 g6 4.g3 Bg7 5.Bg2 Nf6 6.O-O O-O 7.d3 d5 8.exd5 Nxd5
9.Bd2 Nxc3 10.Bxc3 Bxc3 11.bxc3 Bg4 12.Qb1 b6 13.Nd2 Qd7 14.Re1 Rac8 15.Qb5 Be6
16.a4 Rfd8 17.Re3 Na5 18.Qxd7 Rxd7 19.c4 Kf8 20.Nf3 h6 21.Ne5 Rd6 22.g4 Bd7
23.Nxd7+ Rxd7 24.Bd5 Kg7 25.Kg2 e6 26.Be4 Rd6 27.h4 Rc7 28.g5 Rd8 29.Rh3 Rh8
30.f4 Rcc8 31.Rah1 hxg5 32.fxg5 Rh5 33.Rf3 Rc7 34.Rf4 Nc6 35.Bxc6 Rxc6 36.Rhf1 Rc7
37.a5 Rh8 38.axb6 axb6 39.Rb1 Rb8 40.Rb2 Rcb7 41.Ra2 Rd8 42.Kf3 e5 43.Re4 f6
44.gxf6+ Kxf6 45.Ra1 Rh8 46.Ke3 Rbh7 47.Rf1+ Ke6 48.Rg4 Rh6 49.Rb1 Rb8 50.Ke4 Kd6
51.Rf1 Ke6 52.Ra1 Kd6 53.Ra7 Rbh8 54.Ke3 Rf8 55.Rb7 Kc6 56.Rg7 Rf6 57.Kd2 Rf2+
58.Kc3 Rf6 59.Kb3 Re6 60.Ka4 Rf6 61.Re7 Rh5 62.Re8 Rh7 63.Rxe5 Ra7+ 64.Kb3 Rh7
65.Rge4 Rd6 66.Re6 Rxe6 67.Rxe6+ Kb7 68.Re4 Ka6 69.Rg4 Rh5 70.c3 Rh8 71.d4 cxd4
72.cxd4 Rh6 73.Kb4 Rh5 74.d5 Rh8 75.c5 bxc5+ 76.Kxc5 Kb7 77.Kd6 Rh6 78.Ke7 Rh7+
79.Kf6 Rc7 80.Kxg6 Rc8 81.h5 Rg8+ 82.Kf5 Rh8 83.Rg5 Kc7 84.Kf6  1-0

[Event "Torch Real Estate Cup"]
[Site "Xiapu CHN"]
[Date "2005.06.22"]
[Round "15"]
[White "Zhou Weiqi"]
[Black "Xu Yang"]
[Result "1/2-1/2"]
[WhiteElo "2397"]
[BlackElo "2366"]

1.e4 c5 2.Nf3 Nc6 3.Nc3 e5 4.Bc4 Be7 5.d3 d6 6.Nd2 Bg5 7.h4 Bxd2+ 8.Bxd2 Nf6
9.O-O Bg4 10.f3 Be6 11.f4 exf4  1/2-1/2

[Event "White Nights"]
[Site "St Petersburg RUS"]
[Date "2005.06.23"]
[Round "6"]
[White "Shchukin,D"]
[Black "Abramov,Valen"]
[Result "1/2-1/2"]
[WhiteElo "2347"]
[BlackElo "2263"]

1.e4 c5 2.Nc3 Nc6 3.Nge2 d6 4.d4 cxd4 5.Nxd4 Nf6 6.Be2 e5 7.Nb3 Be7 8.O-O O-O
9.f4 a5 10.a4 Be6 11.Kh1 Nb4 12.f5 Bxb3 13.cxb3 d5 14.exd5 Nbxd5 15.Bf3 Nxc3
16.bxc3 e4 17.Be2 Qb6 18.Bc4 Bc5 19.Qe2 e3 20.b4 axb4 21.cxb4 Qxb4 22.Bb2 Qd2
23.Bxf6 Qxe2 24.Bxe2 gxf6 25.Rfd1 Rfd8 26.Rxd8+ Rxd8 27.Rd1 Ra8 28.Bb5 Kg7
29.g3 Bb4 30.Rd4 Rxa4 31.Bxa4 e2 32.Re4 e1=Q+ 33.Rxe1 Bxe1 34.Kg2 Kf8 35.Kf3 Ke7
36.Ke4 Kd6 37.Be8 Kc5 38.Bxf7 b5 39.g4 h6 40.Kd3 Bh4 41.Kc3 Be1+ 42.Kb3 Kd4
43.Be8 b4 44.Bh5 Ke3 45.h4 Kf4 46.Kc4 Bd2  1/2-1/2

[Event "6th EICC"]
[Site "Warsaw POL"]
[Date "2005.06.23"]
[Round "6"]
[White "Babujian,L"]
[Black "Sliwinski,M"]
[Result "1-0"]
[WhiteElo "2386"]
[BlackElo "2186"]

1.e4 c5 2.Nc3 Nc6 3.Bb5 Nd4 4.Bc4 e6 5.Nf3 Ne7 6.Nxd4 cxd4 7.Ne2 Nc6 8.O-O a6
9.a4 g6 10.d3 Bg7 11.f4 O-O 12.Qe1 Re8 13.Bb3 d6 14.Bd2 Bd7 15.Qf2 Rc8 16.a5 Kh8
17.g4 f5 18.gxf5 exf5 19.Ng3 Qf6 20.Qg2 Rc7 21.c4 dxc3 22.bxc3 Rec8 23.Rfe1 fxe4
24.Nxe4 Qf5 25.d4 Qf8 26.Ng5 Bf5 27.Qd5 h6 28.Ne6 Bxe6 29.Rxe6 Rd8 30.Rae1 Ne7
31.Qe4 d5 32.Qe2 Nf5 33.Rxg6 Re7 34.Re6 Bxd4+ 35.cxd4 Nxd4 36.Rxe7 Nxe2+
37.R7xe2 Qd6 38.Rg2 h5 39.Re5  1-0

[Event "Friendship IM"]
[Site "Cartak CZE"]
[Date "2005.06.24"]
[Round "9"]
[White "Kanovsky,D"]
[Black "Volodin,V"]
[Result "1/2-1/2"]
[WhiteElo "2338"]
[BlackElo "2245"]

1.e4 c5 2.Nf3 Nc6 3.Nc3 e5 4.Bc4 Be7 5.d3 d6 6.Nd2 Bg5 7.h4 Bxd2+ 8.Bxd2 Be6
9.Nd5 Qd7 10.c3 Bxd5 11.Bxd5 Nf6 12.Bb3 Qg4 13.Qxg4 Nxg4 14.f3 Nf6 15.Bg5 Nd7
16.h5 f6 17.Be3 h6 18.Ke2 Ke7 19.a4 b6 20.Rhd1 Rac8 21.Bc4 Rhd8 22.Kf2 Nf8
23.Bd5 Ne6 24.Rh1 Rd7 25.Rh4 Rdc7 26.Rg4 Ncd8 27.Bc4 Nc6 28.Rh1 Ng5 29.g3 Rf8
30.Bxg5 fxg5 31.Ke3 Rcc8 32.Bd5 Nb8 33.f4 exf4+ 34.gxf4 Rxf4 35.Rxf4 gxf4+
36.Kxf4 Rf8+ 37.Ke3 Rf6 38.Rg1 Kf8 39.a5 bxa5 40.Ra1 Nd7 41.Rxa5 Ne5 42.Ke2 Ng4
43.Rxa7 Rf2+ 44.Ke1 Rxb2 45.Rf7+ Ke8 46.Rxg7 Ne5 47.Rg3 Rh2 48.d4 cxd4 49.cxd4 Nd7
50.Bc6 Kd8 51.Rg6 Rxh5 52.Rxd6 Kc7 53.Rxd7+ Kxc6 54.Rh7 Rh4 55.Re7 Kd6 56.Re8 Kd7
57.Re5 Rh2 58.d5 h5 59.Re6 h4 60.Rh6 h3 61.e5 Rh1+ 62.Kf2 Rd1 63.Rh7+ Kd8
64.Rh8+ Ke7 65.d6+ Ke6 66.Re8+ Kf5 67.Kg3 Rd3+ 68.Kh2 Kg4 69.Rg8+ Kf5 70.Re8 Kg4
71.Rg8+ Kf5 72.Re8  1/2-1/2

[Event "III Summer"]
[Site "Alushta UKR"]
[Date "2005.06.25"]
[Round "9"]
[White "Tukhaev,A"]
[Black "Kovalev,An"]
[Result "1/2-1/2"]
[WhiteElo "2419"]
[BlackElo "2567"]

1.e4 c5 2.Nf3 Nc6 3.Nc3 d6 4.d4 cxd4 5.Nxd4 Nf6 6.f3 e5 7.Nb3 Be7 8.Be3 O-O
9.Qd2 a5 10.Bb5 Na7 11.Bd3 Nc6 12.a3 Be6 13.Rd1 a4 14.Nc1 Qa5 15.O-O Nd4
16.Bxd4 exd4 17.Nb5 d5 18.e5 Ne4 19.Qxa5 Rxa5 20.Nxd4 Nc5 21.c3 g6 22.Bb1 Ra6
23.Na2 Rb6 24.Nb4 Na6 25.Ba2 Nxb4 26.cxb4 Rc8 27.f4 Kf8 28.Rc1 Rxc1 29.Rxc1 Ke8
30.Kf2 Bxb4 31.Nxe6 fxe6 32.axb4 Rxb4 33.Rc2 Rxf4+ 34.Ke1 Kd7 35.Rf2 Re4+
36.Kd2 Rxe5 37.Rf7+ Kc6 38.Rxh7 Rf5 39.Ke2 Re5+ 40.Kd2 Rf5 41.Ke2 Re5+ 42.Kd2 Rf5  1/2-1/2

[Event "Friendship IM"]
[Site "Cartak CZE"]
[Date "2005.06.25"]
[Round "10"]
[White "Petr,Ma"]
[Black "Obsivac,J"]
[Result "1/2-1/2"]
[WhiteElo "2293"]
[BlackElo "2334"]

1.e4 c5 2.Nf3 Nc6 3.Nc3 d6 4.d4 cxd4 5.Nxd4 Nf6 6.f3 h5 7.Be3 Bd7 8.Qd2 a6
9.O-O-O e6 10.Kb1 Rc8 11.h3 Ne5 12.f4 Ng6 13.Bd3  1/2-1/2